| 000 | 00494nam a22001697a 4500 | ||
|---|---|---|---|
| 003 | NUST - PNEC | ||
| 005 | 20170116180958.0 | ||
| 008 | 150912b xxu||||| |||| 00| 0 eng d | ||
| 020 | _a0824773020 | ||
| 040 | _cLIBRARY | ||
| 082 | _a621.38173 HUR | ||
| 100 |
_99387 _aHurst, Stanley L. |
||
| 245 |
_aCustom-specific integrated circuits : Design and fabrication _cStanley L. Hurst |
||
| 260 | _cc.1985 | ||
| 650 |
_99389 _aIntegrated circuits--Design and construction _xEE |
||
| 942 |
_2ddc _cBK |
||
| 999 |
_c66619 _d66619 |
||